[Event "Dieren op"]
[Site "Dieren"]
[Date "2009.07.22"]
[Round "2"]
[White "Dijk, Rogier"]
[Black "Tondivar, Babak"]
[Result "0-1"]
[WhiteElo "2138"]
[BlackElo "2372"]
[PlyCount "90"]
[EventDate "2009.07.21"]
[EventType "swiss"]
[EventRounds "9"]
[EventCountry "NED"]
[SourceTitle "CBM 131 Extra"]
[Source "ChessBase"]
[SourceDate "2009.09.03"]
[SourceVersion "2"]
[SourceVersionDate "2009.09.16"]
[SourceQuality "1"]

1. c4 e6 2. d4 d5 3. Nf3 Nf6 4. g3 Bb4+ 5. Bd2 Be7 6. Bg2 0-0 7. 0-0 c6 8. b3 Nbd7 9. Qc2 b6 10. Bc3 Bb7 11. Nbd2 c5 12. Rfd1 Rc8 13. Qb2 cxd4 14. Bxd4 Rc7 15. cxd5 Bxd5 16. Rac1 Rxc1 17. Rxc1 Qa8 18. Ne1 Bxg2 19. Nxg2 Rc8 20. Rc4 Rxc4 21. Nxc4 Qc6 22. Ne1 h5 23. Nf3 Qe4 24. h4 Bc5 25. Bxc5 Nxc5 26. Ng5 Qd5 27. Ne5 Nce4 28. Nexf7 Qd1+ 29. Kg2 Nd2 30. Nh6+ gxh6 31. Qxf6 hxg5 32. hxg5 Qxe2 33. g6 Qe4+ 34. Kg1 Nf3+ 35. Kf1 Nd2+ 36. Kg1 Nf3+ 37. Kf1 Qf5 38. Qe7 Qxg6 39. Qd8+ Kg7 40. Qc7+ Qf7 41. Qc3+ e5 42. Kg2 Nd4 43. Qe3 Qd5+ 44. Kh2 Kg6 45. f4 e4 0-1